[Event "AUTO-MASTER-2900"]
[Site "http://www.queenalice.com/game.php?id=1592672"]
[Date "2019.12.11"]
[Round "1"]
[White "o3bor52"]
[Black "jpot2503"]
[Result "1-0"]
[WhiteElo "1856"]
[BlackElo "2167"]

1. f3 e5 2. g3 Bc5 3. e3 f5 4. d4 exd4 5. exd4 Bb6 6. c3 d5 7. f4 Nf6 8. Bg2 O-O
9. h3 Re8+ 10. Kf2 Ne4+ 11. Bxe4 dxe4 12. Be3 Be6 13. Nd2 Nd7 14. b3 c5 15. Ne2
cxd4 16. cxd4 Rc8 17. Rc1 Nf6 18. Nc4 Bc7 19. Rc2 Nd5 20. a3 b5 21. Ne5 Nxe3 22.
Kxe3 Bxb3 23. Nc6 Bxc2 24. Qxc2 Bb6 25. Qb3+ 1-0

[Event "AUTO-MASTER-2900"]
[Site "http://www.queenalice.com/game.php?id=1592673"]
[Date "2019.12.11"]
[Round "1"]
[White "jpot2503"]
[Black "cerenzo72"]
[Result "1/2-1/2"]
[WhiteElo "2164"]
[BlackElo "2268"]

1. e4 c5 2. Nf3 d6 3. d4 Nf6 4. Nc3 cxd4 5. Nxd4 g6 6. Bc4 Bg7 7. Be3 Nc6 8. O-O
O-O 9. Qd2 Ng4 10. Nxc6 bxc6 11. Bd4 Bh6 12. Qe2 e5 13. Be3 Bxe3 14. fxe3 Qg5
15. Rf3 Nf6 16. Qd3 Bg4 17. Rf2 Be6 18. Bxe6 fxe6 19. Raf1 Ng4 20. Rxf8+ Rxf8
21. Rxf8+ Kxf8 22. Qxd6+ Kg7 23. Qd2 Qxe3+ 24. Qxe3 Nxe3 25. Na4 Nxc2 26. Kf2
Nb4 27. a3 1/2-1/2

[Event "AUTO-MASTER-2900"]
[Site "http://www.queenalice.com/game.php?id=1592674"]
[Date "2019.12.11"]
[Round "1"]
[White "cerenzo72"]
[Black "jpot2503"]
[Result "1-0"]
[WhiteElo "2244"]
[BlackElo "2190"]

1. c4 e5 2. Nc3 Nf6 3. e4 Bc5 4. Nf3 Nc6 5. h3 O-O 6. Be2 b6 7. O-O Bb7 8. d3 h6
9. a3 Nd4 10. Nxe5 Qe7 11. Nf3 Nxf3+ 12. Bxf3 Qe5 13. Ne2 Bd6 14. Ng3 c6 15. d4
Qe7 16. e5 Bxe5 17. dxe5 Qxe5 18. Re1 1-0

[Event "AUTO-OPEN-4077"]
[Site "http://www.queenalice.com/game.php?id=1593787"]
[Date "2019.12.22"]
[Round "2"]
[White "maurice91"]
[Black "jpot2503"]
[Result "1/2-1/2"]
[WhiteElo "1823"]
[BlackElo "2129"]

1. d4 Nf6 2. Nf3 g6 3. Bf4 Bg7 4. Nbd2 O-O 5. h3 d5 6. e3 Be6 7. Be2 Nbd7 8. g4
c5 9. c3 Qb6 10. Qc2 Rac8 11. O-O Nb8 12. Qb3 Qxb3 13. Nxb3 cxd4 14. Nbxd4 Bd7
15. Rad1 Nc6 16. Ne5 Nxe5 17. Bxe5 Ne4 18. Bh2 e5 19. Nf3 Rfe8 20. Rxd5 Bc6 21.
Rdd1 Nc5 22. Ne1 Ne6 23. Nf3 e4 24. Nd4 Bxd4 25. exd4 Ng5 26. h4 Nf3+ 27. Bxf3
exf3 28. Rfe1 Re2 29. Kf1 Rce8 30. Rb1 Bb5 31. Rxe2 fxe2+ 32. Ke1 Re4 33. f3 Re3
34. Kf2 Rd3 35. Re1 Rd1 36. Bf4 f5 37. b3 Bd3 38. c4 fxg4 39. fxg4 Kf7 40. c5
Ke6 41. Bg3 Kd5 42. Be5 Ke4 43. b4 a6 44. a3 Kd5 1/2-1/2

[Event "AUTO-OPEN-4077"]
[Site "http://www.queenalice.com/game.php?id=1593788"]
[Date "2019.12.22"]
[Round "2"]
[White "jpot2503"]
[Black "maurice91"]
[Result "0-1"]
[WhiteElo "2146"]
[BlackElo "1844"]

1. e4 c6 2. d4 d6 3. f4 Nd7 4. Nf3 g6 5. d5 Bg7 6. c4 cxd5 7. cxd5 Nc5 8. Bd3
Bd7 9. Nc3 Nxd3+ 10. Qxd3 e5 11. O-O Ne7 12. fxe5 dxe5 13. Bg5 f6 14. Bh4 O-O
15. Qc4 Kh8 16. Qb3 Rb8 17. Rac1 a6 18. Qb4 Ng8 19. Nxe5 Qe8 20. Nxd7 Qxd7 21.
Na4 Qe8 22. Nc5 a5 23. Qb6 Rf7 24. Ne6 Bh6 25. Rc7 Rxc7 26. Qxc7 Be3+ 27. Kh1
Bh6 28. Bxf6+ Nxf6 29. Rxf6 Rc8 0-1

[Event "AUTO-OPEN-4077"]
[Site "http://www.queenalice.com/game.php?id=1593793"]
[Date "2019.12.22"]
[Round "2"]
[White "jpot2503"]
[Black "greggy"]
[Result "0-1"]
[WhiteElo "2130"]
[BlackElo "2823"]

1. e4 c5 2. Nf3 Nc6 3. Bb5 g6 4. O-O Bg7 5. c3 e5 6. d4 exd4 7. cxd4 cxd4 8. Bg5
Nge7 9. Qd2 h6 10. Bxc6 hxg5 11. Ba4 g4 12. Nxd4 Nc6 13. Nxc6 dxc6 14. Qxd8+
Kxd8 15. Nc3 b5 16. Rad1+ Ke7 17. Bb3 a5 18. a3 Ba6 19. Rfe1 Be5 20. g3 Rh3 21.
Kg2 b4 22. axb4 axb4 23. Na4 Rah8 24. Rh1 Be2 25. Nb6 Bf3+ 26. Kg1 Bxh1 27. Rd7+
Kf6 28. Rxf7+ Kg5 29. f4+ gxf3 30. Kxh1 Rxh2+ 31. Kg1 Bd4+ 0-1

[Event "AUTO-MASTER-2960"]
[Site "http://www.queenalice.com/game.php?id=1613598"]
[Date "2020.5.24"]
[Round "1"]
[White "simonjscott"]
[Black "jpot2503"]
[Result "1-0"]
[WhiteElo "2267"]
[BlackElo "2118"]

1. e4 d6 2. d4 Nf6 3. Nc3 g6 4. f4 Bg7 5. Nf3 c5 6. Bb5+ Bd7 7. e5 Ng4 8. Bxd7+
Qxd7 9. h3 cxd4 10. Qxd4 Nc6 11. Qe4 Nh6 12. Be3 Nf5 13. Bf2 dxe5 14. fxe5 O-O
15. g4 Nh6 16. O-O e6 17. Rad1 Qc7 18. Rfe1 f5 19. exf6 Bxf6 20. Qxe6+ Rf7 21.
Nd5 Qd8 22. Kg2 Kg7 23. Nxf6 Qxf6 24. Qxf6+ Rxf6 25. g5 Rf5 26. gxh6+ Kxh6 27.
Be3+ Kg7 28. Rd7+ Rf7 29. Bd4+ Kg8 30. Rxf7 Kxf7 31. Ne5+ Nxe5 32. Rxe5 a6 33.
Bc3 Re8 34. Rxe8 Kxe8 35. Kf3 1-0

[Event "AUTO-MASTER-2960"]
[Site "http://www.queenalice.com/game.php?id=1613599"]
[Date "2020.5.24"]
[Round "1"]
[White "jpot2503"]
[Black "simonjscott"]
[Result "0-1"]
[WhiteElo "2109"]
[BlackElo "2277"]

1. e4 e5 2. Nf3 Nf6 3. d4 Nxe4 4. Bd3 d5 5. Nxe5 Bd6 6. Nc3 Nxc3 7. bxc3 Nd7 8.
Qe2 O-O 9. f4 c5 10. O-O c4 11. Bf5 Nf6 12. Bxc8 Rxc8 13. Bd2 Ne4 14. Be1 f6 15.
Ng4 Qc7 16. Ne3 Qf7 17. Nf5 Bb8 18. Qg4 Kh8 19. Rf3 Qd7 20. Rh3 Rg8 21. g3 g6
22. Ne3 Qxg4 23. Nxg4 f5 24. Nf2 Rge8 25. Nxe4 dxe4 26. Kf2 Re7 27. Ke3 Kg7 28.
g4 fxg4 29. Rg3 g5 30. Rxg4 Bxf4+ 31. Ke2 h5 32. Rg2 Kh6 33. Bg3 Rf8 34. Rf2
Ref7 35. Raf1 h4 36. Bxf4 Rxf4 37. Ke3 Rxf2 38. Rxf2 Rxf2 39. Kxf2 g4 40. Ke3 g3
41. hxg3 h3 42. Kf2 e3+ 0-1

[Event "AUTO-MASTER-2960"]
[Site "http://www.queenalice.com/game.php?id=1613614"]
[Date "2020.5.24"]
[Round "1"]
[White "Diemerlin"]
[Black "jpot2503"]
[Result "1-0"]
[WhiteElo "2337"]
[BlackElo "2102"]

1. e4 d6 2. d4 Nf6 3. Nc3 g6 4. h4 Bg7 5. Be2 c5 6. dxc5 Qa5 7. Kf1 Qxc5 8. h5
gxh5 9. Be3 Qa5 10. Nh3 Nc6 11. Nf4 Ng4 12. Bd2 Qc5 13. Nd3 Qb6 14. Nd5 Qd8 15.
Rxh5 Nge5 16. Bc3 O-O 17. f4 e6 18. Ne3 Ng6 19. Bxg7 Kxg7 20. f5 exf5 21. exf5
Qf6 22. Nd5 Qd4 23. c3 Qe4 24. Rxh7+ Kg8 25. Nf6# 1-0

[Event "AUTO-MASTER-2960"]
[Site "http://www.queenalice.com/game.php?id=1613615"]
[Date "2020.5.24"]
[Round "1"]
[White "jpot2503"]
[Black "Diemerlin"]
[Result "0-1"]
[WhiteElo "2096"]
[BlackElo "2323"]

1. e4 d5 2. exd5 Qxd5 3. Nc3 Qa5 4. d4 c6 5. Bc4 Bf5 6. Nf3 Nf6 7. Bd2 Nbd7 8.
O-O Qc7 9. Bg5 h6 10. Bh4 e6 11. Re1 Bd6 12. Bd3 O-O 13. Bg3 Bg4 14. Re3 Bxg3
15. hxg3 Rfd8 16. Qd2 c5 17. Ne4 Nd5 18. Ree1 Bxf3 19. gxf3 cxd4 20. Bf1 f5 21.
Qxd4 fxe4 22. fxe4 Ne5 23. Bg2 Nf4 24. Qe3 Nxg2 25. Kxg2 Nc4 26. Qb3 Rd2 0-1

[Event "AUTO-MASTER-2960"]
[Site "http://www.queenalice.com/game.php?id=1613624"]
[Date "2020.5.24"]
[Round "1"]
[White "beteljeuxe"]
[Black "jpot2503"]
[Result "1-0"]
[WhiteElo "2532"]
[BlackElo "2110"]

1. d4 Nf6 2. c4 c5 3. d5 b5 4. cxb5 a6 5. bxa6 Bxa6 6. Nc3 d6 7. e4 Bxf1 8. Kxf1
g6 9. Nf3 Bg7 10. g3 O-O 11. Kg2 Qb6 12. a4 Na6 13. Qe2 Nc7 14. Re1 e6 15. dxe6
fxe6 16. e5 Nfd5 17. a5 Rxa5 18. Rxa5 Qxa5 19. exd6 Nxc3 20. bxc3 Nb5 21. Qxe6+
Kh8 22. d7 Qd8 23. Ne5 Bxe5 24. Qxe5+ Kg8 25. Qd5+ Kg7 26. Bg5 1-0

[Event "AUTO-MASTER-2960"]
[Site "http://www.queenalice.com/game.php?id=1613625"]
[Date "2020.5.24"]
[Round "1"]
[White "jpot2503"]
[Black "beteljeuxe"]
[Result "0-1"]
[WhiteElo "2120"]
[BlackElo "2465"]

1. e4 e6 2. d4 d5 3. Nc3 Nf6 4. e5 Nfd7 5. Nce2 c5 6. c3 Nc6 7. f4 Qb6 8. Nf3 f6
9. g3 cxd4 10. cxd4 Bb4+ 11. Bd2 fxe5 12. fxe5 O-O 13. Bg2 Ndxe5 14. dxe5 Nxe5
15. Rf1 Nd3# 0-1

[Event "AUTO-MASTER-3003"]
[Site "http://www.queenalice.com/game.php?id=1631957"]
[Date "2020.11.5"]
[Round "1"]
[White "jpot2503"]
[Black "positionalgenius"]
[Result "0-1"]
[WhiteElo "2052"]
[BlackElo "2172"]

1. Nf3 Nf6 2. c4 e6 3. Nc3 d5 4. d4 Bb4 5. Bg5 O-O 6. e3 c5 7. cxd5 exd5 8. Qb3
Bxc3+ 9. bxc3 c4 10. Qc2 Nc6 11. Be2 h6 12. Bh4 Re8 13. O-O g5 14. Bg3 Bg4 15.
Ne5 Bxe2 16. Qxe2 Ne4 17. Qh5 Qf6 18. Ng4 Qg6 19. Qxg6+ fxg6 20. Rac1 Kg7 21.
Rfe1 h5 22. Ne5 Nxg3 23. Nxc6 bxc6 24. hxg3 Rab8 25. Rb1 Kf6 26. f3 Rxb1 27.
Rxb1 Rxe3 28. Rc1 Re2 29. a4 Ra2 30. Kf1 Rxa4 31. Kf2 Ra2+ 32. Kg1 a5 33. Kf1 a4
34. Kg1 a3 35. Kf1 Rd2 36. Ra1 a2 37. Kg1 Kf5 38. Kh2 g4 39. Kg1 g5 40. Kf1 Rb2
41. Kg1 Rb1+ 0-1

[Event "AUTO-MASTER-3003"]
[Site "http://www.queenalice.com/game.php?id=1631958"]
[Date "2020.11.5"]
[Round "1"]
[White "positionalgenius"]
[Black "jpot2503"]
[Result "1-0"]
[WhiteElo "2174"]
[BlackElo "2105"]

1. e4 e5 2. Nf3 Nc6 3. Bb5 a6 4. Ba4 Nf6 5. O-O b5 6. Bb3 Bc5 7. d3 h6 8. a4 Bb7
9. Nc3 b4 10. Nd5 a5 11. Be3 Bxe3 12. Nxe3 O-O 13. Nf5 d6 14. N3h4 Ne7 15. Nxe7+
Qxe7 16. Ng6 1-0

[Event "AUTO-MASTER-3003"]
[Site "http://www.queenalice.com/game.php?id=1631959"]
[Date "2020.11.5"]
[Round "1"]
[White "jpot2503"]
[Black "ernestodn"]
[Result "1-0"]
[WhiteElo "2061"]
[BlackElo "1679"]

1. e4 e5 2. Nf3 Nc6 3. d4 exd4 4. Nxd4 Bc5 5. Be3 Qf6 6. c3 Nge7 7. Bc4 O-O 8.
O-O d6 9. b4 Bxd4 10. Bxd4 Nxd4 11. Qxd4 Qxd4 12. cxd4 Bg4 13. Na3 Bd7 14. Rac1
Kh8 15. Bxf7 c6 16. Bb3 Rf4 17. f3 d5 18. g3 Rff8 19. exd5 Nxd5 20. Bxd5 cxd5
21. g4 a6 22. Kg2 Bc6 23. Nc2 Rae8 24. Rce1 Bb5 25. Rh1 Re2+ 26. Rxe2 Bxe2 27.
Ne1 Rf4 28. Kf2 Bc4 29. Ke3 Rf6 30. g5 Re6+ 31. Kf4 Bxa2 32. Nd3 1-0

[Event "AUTO-MASTER-3003"]
[Site "http://www.queenalice.com/game.php?id=1631960"]
[Date "2020.11.5"]
[Round "1"]
[White "ernestodn"]
[Black "jpot2503"]
[Result "0-1"]
[WhiteElo "1681"]
[BlackElo "2059"]

1. e4 c5 2. Nf3 d6 3. d4 cxd4 4. Nxd4 Nf6 5. Nc3 Nc6 6. Bg5 e6 7. Be2 Be7 8. O-O
O-O 9. Kh1 d5 10. exd5 Nxd5 11. Bxe7 Ncxe7 12. Bf3 Nxc3 13. bxc3 Qc7 14. Qd3 Bd7
15. Be2 Rac8 16. c4 Ng6 17. Nb5 Bxb5 18. cxb5 Nf4 19. Qe4 Qxc2 20. Qxc2 Rxc2 21.
Bf3 b6 22. a4 Nd3 23. Kg1 Nc5 24. Ra3 Rc4 25. a5 Ra4 26. Rxa4 Nxa4 27. a6 Nc3
28. Bc6 Nd5 29. Rd1 Rc8 30. g3 Rd8 31. f4 f5 32. Kf2 Kf7 0-1

[Event "AUTO-MASTER-3003"]
[Site "http://www.queenalice.com/game.php?id=1631961"]
[Date "2020.11.5"]
[Round "1"]
[White "jpot2503"]
[Black "Rafale2000"]
[Result "1-0"]
[WhiteElo "2089"]
[BlackElo "1917"]

1. e4 Nf6 2. e5 Nd5 3. d4 d6 4. c4 Nb6 5. exd6 exd6 6. Nc3 Nc6 7. Nf3 Be7 8. Bd3
O-O 9. O-O Bf6 10. Bc2 Bg4 11. Qd3 g6 12. d5 Nb4 13. Qe4 Bf5 14. Qe2 Nxc2 15. g4
Bxg4 16. Qxc2 Nxc4 17. Qe4 Bxf3 18. Qxf3 Bg7 19. Ne4 b5 20. Bg5 Bxb2 21. Bxd8
Bxa1 22. Bf6 1-0

[Event "AUTO-MASTER-3003"]
[Site "http://www.queenalice.com/game.php?id=1631962"]
[Date "2020.11.5"]
[Round "1"]
[White "Rafale2000"]
[Black "jpot2503"]
[Result "0-1"]
[WhiteElo "1908"]
[BlackElo "2098"]

1. e4 e5 2. Nf3 Nc6 3. d4 exd4 4. Bc4 Bc5 5. c3 d6 6. b4 Bb6 7. Bb5 dxc3 8.
Bxc6+ bxc6 9. Nxc3 Bg4 10. Qd3 Nf6 11. O-O O-O 12. h3 Bh5 13. Nd4 c5 14. Nc6 Qd7
15. b5 a6 16. Nd5 axb5 17. Qxb5 Qe6 18. Nxf6+ Qxf6 19. Bb2 Qe6 20. Qd3 Bg6 21.
Qc3 f6 22. f3 Qe8 23. Nb4 cxb4+ 0-1

[Event "AUTO-MASTER-3021"]
[Site "http://www.queenalice.com/game.php?id=1640599"]
[Date "2021.1.20"]
[Round "1"]
[White "Artking"]
[Black "jpot2503"]
[Result "0-1"]
[WhiteElo "2051"]
[BlackElo "2063"]

1. e4 e5 2. Nf3 Nc6 3. Bb5 a6 4. Ba4 b5 5. Bb3 Nf6 6. d3 Be7 7. c3 O-O 8. O-O
Bb7 9. Nbd2 d5 10. exd5 Nxd5 11. Ne4 h6 12. Bd2 Na5 13. Bc2 Bd6 14. Nxd6 cxd6
15. a4 f5 16. b4 Nc6 17. Bb3 Ne7 18. axb5 axb5 19. Qe2 Kh8 20. Nh4 Qe8 21. c4
bxc4 22. dxc4 Nf6 23. b5 Ng6 24. Rxa8 Bxa8 25. Nxf5 Ne4 26. Be3 Rxf5 27. Bc2 Nf4
28. Bxf4 Rxf4 29. g3 Qg6 30. f3 Nxg3 31. hxg3 Qxg3+ 32. Qg2 Qxg2+ 33. Kxg2 Rxc4
34. Kg3 Rxc2 35. Ra1 Rc8 36. b6 Rf8 37. Ra3 Bb7 0-1

[Event "AUTO-MASTER-3021"]
[Site "http://www.queenalice.com/game.php?id=1640600"]
[Date "2021.1.20"]
[Round "1"]
[White "jpot2503"]
[Black "Artking"]
[Result "1-0"]
[WhiteElo "2079"]
[BlackElo "2014"]

1. e4 d5 2. exd5 Qxd5 3. Nc3 Qa5 4. d4 c6 5. Nf3 Bg4 6. Bd2 Qc7 7. Be2 Nf6 8.
O-O e6 9. Ne5 h5 10. h3 Bf5 11. Bg5 Be7 12. Bxf6 gxf6 13. Nd3 Nd7 14. Bxh5 Rxh5
15. Qxh5 O-O-O 16. Qxf7 Nf8 17. Qh5 Ng6 18. Qf3 Rxd4 19. Rfe1 b6 20. g4 Bxd3 21.
cxd3 Bc5 22. Rxe6 Rf4 23. Qg2 Rxf2 24. Qxc6 Rxb2+ 25. Kf1 Qxc6 26. Rxc6+ Kd7 27.
Rxf6 Ne5 28. Rd1 Rh2 29. d4 Rh1+ 30. Ke2 Rxd1 31. Nxd1 Bxd4 32. Rf1 Ng6 33. Rf7+
Kc6 34. Rxa7 Kd6 35. Ra3 Nh4 36. Nf2 Kc5 37. Nd3+ Kd6 38. Ne1 Kc5 39. Nf3 Ng2
40. Nxd4 Kxd4 41. Rb3 Nf4+ 42. Kd2 Kc5 43. Rf3 Ng6 44. Kc3 Kd5 45. Kd3 Ne5+ 46.
Ke2 1-0

[Event "AUTO-MASTER-3021"]
[Site "http://www.queenalice.com/game.php?id=1640617"]
[Date "2021.1.20"]
[Round "1"]
[White "jpot2503"]
[Black "pomar"]
[Result "1-0"]
[WhiteElo "2041"]
[BlackElo "2101"]

1. e4 e6 2. d4 d5 3. e5 c5 4. c3 Qb6 5. Nf3 Nc6 6. Bd3 Bd7 7. dxc5 Bxc5 8. O-O
Nge7 9. Qe2 Ng6 10. Bxg6 hxg6 11. Bf4 O-O-O 12. Nbd2 f6 13. b4 Be7 14. a4 g5 15.
Be3 Qc7 16. Bxa7 Nxa7 17. c4 Bxb4 18. cxd5 Bxd2 19. Qxd2 exd5 20. Rfc1 Bc6 21.
h3 Qe7 22. Qa5 Kb8 23. exf6 gxf6 24. Nd4 Qd7 25. Rcb1 Rhe8 26. Nb5 b6 27. Nxa7
Qxa7 28. Rxb6+ Ka8 29. Ra6 Rd7 30. Rxa7+ Rxa7 31. Qb6 Bxa4 32. Rxa4 Rxa4 33.
Qc6+ 1-0

[Event "AUTO-MASTER-3021"]
[Site "http://www.queenalice.com/game.php?id=1640618"]
[Date "2021.1.20"]
[Round "1"]
[White "pomar"]
[Black "jpot2503"]
[Result "1-0"]
[WhiteElo "2091"]
[BlackElo "2067"]

1. f3 e5 2. Kf2 Bc5+ 3. e3 f5 4. c4 Nc6 5. Nc3 Qh4+ 6. g3 Qg5 7. Nge2 d6 8. Nd5
Bb6 9. b4 Be6 10. a3 Bxd5 11. cxd5 Nce7 12. Nc3 Nf6 13. Bc4 O-O 14. Kg2 Ng6 15.
Rf1 Nh4+ 16. Kh1 Ng6 17. d4 exd4 18. exd4 f4 19. a4 Nh5 20. Ne4 Qf5 21. g4 Qd7
22. gxh5 Nh4 23. a5 Qh3 24. Rf2 1-0

[Event "AUTO-MASTER-3021"]
[Site "http://www.queenalice.com/game.php?id=1640619"]
[Date "2021.1.20"]
[Round "1"]
[White "jpot2503"]
[Black "edkgpp"]
[Result "0-1"]
[WhiteElo "2079"]
[BlackElo "2169"]

1. e4 c6 2. d4 d5 3. e5 c5 4. c3 Nc6 5. Bb5 Qa5 6. Bxc6+ bxc6 7. Nf3 cxd4 8.
Nxd4 e6 9. O-O Ne7 10. Be3 Ng6 11. f4 c5 12. Nb3 Qb6 13. Qc2 a5 14. a4 Ba6 15.
Rf3 Nh4 16. Rh3 Rb8 17. N1d2 Ng6 18. Bf2 Nxf4 19. Rxh7 Rg8 20. Rb1 Bd3 21. Qd1
Bxh7 22. Rc1 Nd3 23. Ra1 Nxf2 24. Kxf2 c4+ 25. Nd4 Bc5 26. Nf3 Qxb2+ 0-1

[Event "AUTO-MASTER-3021"]
[Site "http://www.queenalice.com/game.php?id=1640620"]
[Date "2021.1.20"]
[Round "1"]
[White "edkgpp"]
[Black "jpot2503"]
[Result "1-0"]
[WhiteElo "2149"]
[BlackElo "2093"]

1. d4 Nf6 2. c4 g6 3. Nc3 Bg7 4. e4 d6 5. Be2 O-O 6. f4 Na6 7. Nf3 e5 8. fxe5
dxe5 9. d5 Qe7 10. Bg5 Bd7 11. Nd2 c6 12. O-O Qd6 13. a3 Nc7 14. b4 b6 15. c5
bxc5 16. Nc4 Qe7 17. d6 Qe6 18. dxc7 Rac8 19. Rxf6 Bxf6 20. Bxf6 cxb4 21. axb4
c5 22. Nd5 Bc6 23. Ne7+ 1-0